Exemplario contra los engaños y peligros del mundo. (Record no. 61543)

MARC details
000 -LEADER
campo de control de longitud fija 00731nam a2200193 4500
001 - NÚMERO DE CONTROL
campo de control 61543
003 - IDENTIFICADOR DE NÚMERO DE CONTROL
campo de control ES-MaACL
005 - FECHA Y HORA DE LA ÚLTIMA TRANSACCIÓN
campo de control 20230906164500.0
007 - CAMPO FIJO DE DESCRIPCIÓN FÍSICA--INFORMACIÓN GENERAL
campo de control de longitud fija t|
008 - DATOS DE LONGITUD FIJA--INFORMACIÓN GENERAL
campo de control de longitud fija 031112s19341934sp ah |||| | spa d
245 00 - MENCIÓN DEL TÍTULO
Título Exemplario contra los engaños y peligros del mundo.
250 ## - MENCION DE EDICION
Mención de edición Ed. conmemorativa de la Fiesta del Libro del año 1934.
260 ## - PUBLICACIÓN, DISTRIBUCIÓN, ETC.
Lugar de publicación, distribución, etc. Madrid :
Nombre del editor, distribuidor, etc. Cámara Oficial del Libro,
Fecha de publicación, distribución, etc. 1934.
300 ## - DESCRIPCIÓN FÍSICA
Extensión LXXXVIII fol. [h.] :
Otras características físicas il., grab. ;
Dimensiones 27 cm.
534 ## - NOTA SOBRE LA VERSIÓN ORIGINAL
Frase introductoria Reprod. facsímil de la ed. de:
Publicación, distribución, etc. del original Zaragoza : en la Imp. de George Coci, 1531
Localización del original Biblioteca Nacional de España.
597 ## - NOTA DE DESCRIPCIÓN FÍSICA
NOTA DE DESCRIPCIÓN FÍSICA Las h. van impresas por las dos caras.
710 2# - ENTRADA AGREGADA--NOMBRE DE ENTIDAD CORPORATIVA
Nombre de entidad corporativa o nombre de jurisdicción como elemento de entrada Cámara Oficial del Libro de Madrid.
9 (RLIN) 146837
852 ## - LOCALIZACIÓN
Ubicación ES-MaACL
Número de control de estantería A-2046
Holdings
Estatus retirado Estado de pérdida Estado de daño No para préstamo Biblioteca de origen Biblioteca actual Ubicación en estantería Fecha de adquisición Fuente de adquisición Total de préstamos Signatura topográfica completa Código de barras Visto por última vez Precio de reemplazo Tipo de ítem Koha
        Biblioteca del Ateneo de Madrid Biblioteca del Ateneo de Madrid Sala Pecera Planta 1 17/01/2008     A-2046 1064530 23/02/2023 23/02/2023 Libro impreso